Εξελικτική Ψυχολογία / Η Ψυχική ζωή από τη σύλληψη ως την ενηλικίωση (Record no. 2233)
[ view plain ]
| 000 -LEADER | |
|---|---|
| fixed length control field | 01375cam a22001814a 4500 |
| 005 - ΗΜΕΡΟΜΗΝΙΑ ΚΑΙ ΩΡΑ ΤΕΛΕΥΤΑΙΑΣ ΕΝΗΜΕΡΩΣΗΣ | |
| Πεδίο ελέγχου | 20250605164034.0 |
| 008 - FIXED-LENGTH DATA ELEMENTS--GENERAL INFORMATION | |
| Πεδίο ελέγχου σταθερού μήκους | 250528s ||||||||||||||||||||||||d |
| 035 ## - SYSTEM CONTROL NUMBER | |
| System control number | 16768 |
| 040 ## - ΠΗΓΗ ΚΑΤΑΛΟΓΟΓΡΑΦΗΣΗΣ | |
| Φορέας πρωτότυπης καταλογογράφησης | MC Athens Campus Library |
| Γλώσσα καταλογογράφησης | Ελληνικά, Μοντέρνα (1453-) |
| Modifying agency | MC Athens Campus Library |
| Κανόνες περιγραφικής καταλογογράφησης | AACR2 |
| 245 1# - ΤΙΤΛΟΣ ΚΑΙ ΔΗΛΩΣΗ ΥΠΕΥΘΥΝΟΤΗΤΑΣ | |
| Τίτλος | Εξελικτική Ψυχολογία / Η Ψυχική ζωή από τη σύλληψη ως την ενηλικίωση |
| 260 ## - PUBLICATION, DISTRIBUTION, ETC. | |
| Name of publisher, distributor, etc. | Αθήνα, |
| Date of publication, distribution, etc. | 1985 |
| 300 ## - PHYSICAL DESCRIPTION | |
| Extent | 194 |
| 520 ## - SUMMARY, ETC. | |
| Summary, etc. | Τόμος 3 - Ψυχολογική Θεώρηση της Πορείας της Ζωής από τη Σύλληψη ως την Ενηλικίωση. Το έργο περιγράφει και ερμηνεύει τις αλλαγές που συμβαίνουν στην ψυχική ζωή του νέου ατόμου, από τη σύλληψη ως το 20ο Έτος. Σχολική Ηλικία, Εισαγωγικά Σχόλια, Βιοσωματική Ανάπτυξη Κατά τη Σχολική Ηλικία, Γνωστική Ανάπτυξη Κατά τη Σχολική Ηλικία, Ανάπτυξη της Μνήμης και της Δημιουργικής Σκέψης, Ψυχοκοινωνική Ανάπτυξη Κατά τη Σχολική Ηλικία, Ανάπτυξη της Ηθικότητας. |
| 700 1# - ΠΡΟΣΘΕΤΗ ΑΝΑΓΡΑΦΗ--ΦΥΣΙΚΟ ΠΡΟΣΩΠΟ | |
| Personal name | Παρασκευοπουλος Ιωαννης Ν |
| 9 (RLIN) | 2858 |
| 942 ## - ADDED ENTRY ELEMENTS (KOHA) | |
| Koha item type | Books |
| Τύπος τεκμηρίου | Βιβλιοθήκη | Τρέχουσα τοποθεσία | Barcode | Αριθμός εισαγωγής | Ημερομηνία απόκτησης | Ταξιθετικό σύμβολο | Αριθμός αντιτύπου | Κατάσταση απόσυρσης | Κατάσταση χαμένου | Κατάσταση κατεστραμμένου | Μη δανεισμός | Σύνολο δανεισμών | Ημερομηνία τελευταίας εμφάνισης | Η τιμή ισχύει από |
|---|---|---|---|---|---|---|---|---|---|---|---|---|---|---|
| Books | MC Athens Campus Library | MC Athens Campus Library | 9780000022325 | 4997 | 05/06/2025 | 155.7 PAR V.3 | 1 | 05/06/2025 | 05/06/2025 |